Analýza postupu riešenia programátorskej úlohy

Uložené v:
Podrobná bibliografia
Hlavný autor: Greguš, Andrej (Autor)
Ďalší autori: Konôpka, Martin (Vedúci práce)
Médium: Rukopis Kniha
Jazyk:Slovak
Vydavateľské údaje: 2018
Predmet:
On-line prístup:http://is.stuba.sk/zp/portal_zp.pl?podrobnosti=122803
Tagy: Pridať tag
Žiadne tagy, Buďte prvý, kto otaguje tento záznam!

MARC

LEADER 00000ntm a22000003a 4500
001 stuzp70234
003 SK-STU
005 20190221123225.5
007 ta
008 150427s2015----xo-----f-mn---000-0-slo-d
040 |a STU  |b slo 
041 0 |a slo 
044 |a xo 
100 1 |a Greguš, Andrej  |u 070200  |4 aut  |U FIIT Fakulta informatiky a informačných technológií  |T FIIT Ústav informatiky, informačných systémov a softvérového inžinierstva  |X 79536  |U I200  |Y 179  |7 79536 
242 0 1 |a Steps of the programming task solution analysis  |y eng 
245 1 0 |a Analýza postupu riešenia programátorskej úlohy 
260 |c 2018 
300 |a 49 s., príl., CD-rom 
650 4 |a fixácia  |2 slo 
650 4 |a vzor  |2 slo 
650 4 |a sledovač pohľadu  |2 slo 
650 4 |a hľadanie  |2 slo 
650 4 |a fixation  |2 eng 
650 4 |a eye-tracker  |2 eng 
650 4 |a search  |2 eng 
650 4 |a pattern  |2 eng 
700 1 |a Konôpka, Martin  |u 070200  |k Z3  |4 ths  |U FIIT Fakulta informatiky a informačných technológií  |T FIIT Ústav informatiky, informačných systémov a softvérového inžinierstva  |X 64365  |U I200  |Y 179  |7 64365 
856 4 |u http://is.stuba.sk/zp/portal_zp.pl?podrobnosti=122803 
996 |b IZP20180092  |c I*BAP103/18  |l II680  |s P  |a 0  |w stuzp70234_0001